[Event "1994/95 Cepacol Australian Open"]
[Site "Kings Perth Hotel"]
[Date "1995.01.04"]
[Round "6"]
[White "Paxman, Brian"]
[Black "Whitehead, Paul "]
[Result "0-1"]
[WhiteElo "1344"]
[BlackElo "1536"]

1.e4 c5 2.Nf3 Nc6 3.d4 cxd4 4.Nxd4 g6 5.Bc4 Bg7 6.Be3 Nf6 7.Nc3 Qa5 8.O-O 
O-O 9.f4 d6 10.f5 Ne5 11.Bb3 Bd7 12.fxg6 hxg6 13.Qd2 Rac8 14.Bh6 Bxh6 15.
Qxh6 Rxc3 16.bxc3 Qxc3 17.Rad1 Nfg4 18.Qg5 Qe3+ 19.Qxe3 Nxe3 20.Nf3 Nxf3+ 
21.gxf3 Nxf1 22.Kxf1 Kg7 23.Kf2 Bc6 24.Kg3 Rh8 25.h4 Rh5 26.Re1 Rc5 27.Re3
f6 28.f4 Kh6 29.Kg4 f5+ 30.exf5 gxf5+ 31.Kg3 Be4 32.c4 Rc7 33.Re1 e6 34.
Kh2 d5 35.cxd5 exd5 36.Ba4 d4 37.Bb3 d3 38.Rg1 Rg7 39.Rxg7 Kxg7 40.Kg3 Kf6
41.h5 b5 42.Kf2 a5 43.Ke3 a4 44.Bd1 Bd5 45.a3 Bc4 46.Kd4 Ke6 47.h6 Kf7 48.
h7 Kg7 49.h8=Q+ Kxh8 50.Ke5 Bb3 51.Bf3 d2 52.Kxf5 d1=Q 53.Bxd1 Bxd1 54.Ke5
Kg7 55.Kd4 Kf6 0-1

[Event "1994/95 Cepacol Australian Open"]
[Site "Kings Perth Hotel"]
[Date "1995.01.04"]
[Round "6"]
[White "Stubbs, Mike"]
[Black "Moehler, Garry"]
[Result "1-0"]
[WhiteElo "1588"]
[BlackElo "1426"]

1.d4 e6 2.c4 Nf6 3.Nc3 Be7 4.Nf3 d6 5.e4 Nbd7 6.Bd3 b6 7.e5 dxe5 8.dxe5 
Ng4 9.Be4 Rb8 10.Bf4 f6 11.exf6 Ngxf6 12.Bc6 O-O 13.Qe2 Kh8 14.O-O-O Ne8 
15.g3 Nd6 16.h4 Bb7 17.Bxb7 Rxb7 18.Ng5 Bxg5 19.hxg5 g6 20.Qxe6 Rg8 21.Nd5
Nf8 22.Be5+ Rg7 23.Rxh7+ Nxh7 24.Ne7 Qxe7 25.Qxe7 c5 26.Qd8+ 1-0

[Event "1994/95 Cepacol Australian Open"]
[Site "Kings Perth Hotel"]
[Date "1994.01.04"]
[Round "6"]
[White "Dix, Peter"]
[Black "McMahon, Denis"]
[Result "1-0"]
[WhiteElo "1787"]
[BlackElo "1560"]

1.e4 c5 2.Nf3 d6 3.d4 cxd4 4.Nxd4 Nf6 5.Nc3 a6 6.f4 b5 7.a3 Bb7 8.Bd3 Nbd7
9.O-O Nc5 10.Qf3 e6 11.Be3 Nxd3 12.cxd3 Be7 13.g4 h5 14.h3 hxg4 15.hxg4 
Kd7 16.Kg2 g6 17.Nb3 Rh4 18.g5 Ng4 19.Rh1 Nxe3+ 20.Qxe3 Rxh1 21.Rxh1 f5 
22.Qd4 fxe4 23.Nc5+ Kc8 24.Rh8 dxc5 25.Rxd8+ Bxd8 26.Qxc5+ Kd7 27.Qd4+ Ke8
28.Qh8+ Kd7 29.dxe4 Rc8 30.Qg7+ Be7 31.Qxg6 a5 32.f5 exf5 33.Qxf5+ Ke8 34.
Qxb5+ Bc6 35.Qxa5 Kf7 36.Qf5+ 1-0

[Event "1994/95 Cepacol Australian Open"]
[Site "Kings Perth Hotel"]
[Date "1995.01.04"]
[Round "6"]
[White "Elkington, Derek"]
[Black "List, Ross"]
[Result "1-0"]
[WhiteElo "1507"]
[BlackElo "1651"]

1.e4 c5 2.Nf3 d6 3.d4 cxd4 4.Nxd4 Nf6 5.Nc3 a6 6.g3 g6 7.Bg2 Bg7 8.O-O O-O
9.Nce2 Qc7 10.b3 Bd7 11.c4 Nc6 12.Bb2 Rfb8 13.a4 b6 14.h3 Ra7 15.f4 Nxd4 
16.Bxd4 e5 17.Be3 Rab7 18.Rc1 Bc6 19.Qd3 Nd7 20.f5 Nc5 21.Qc2 Ra8 22.g4 
gxf5 23.gxf5 Bd7 24.Kf2 b5 25.axb5 axb5 26.Nc3 bxc4 27.bxc4 Nb3 28.Nd5 Qd8
29.Rcd1 Be6 30.Rh1 Na5 31.Nf6+ Bxf6 32.h4 Nxc4 33.Bh6 Ne3 34.Qd2 Rb3 35.
Bxe3 Kf8 1-0

[Event "1994/95 Cepacol Australian Open"]
[Site "Kings Perth Hotel"]
[Date "1995.01.05"]
[Round "7"]
[White "Dinh Duc Trong"]
[Black "Low, Sam"]
[Result "1-0"]
[WhiteElo "2200"]
[BlackElo "1852"]

1.c4 Nf6 2.Nf3 d6 3.g3 g6 4.Bg2 Bg7 5.Nc3 O-O 6.O-O e5 7.d3 a5 8.a3 c6 9.
Qc2 Ne8 10.Bg5 f6 11.Bd2 f5 12.b4 Nd7 13.Rab1 Nef6 14.e4 Nh5 15.exf5 gxf5 
16.b5 c5 17.Nd5 Nb6 18.Bg5 Nf6 19.Nh4 Rb8 20.f4 h6 21.Nxf6+ Rxf6 22.Bxf6 
Qxf6 23.fxe5 dxe5 24.Qf2 e4 25.Bxe4 fxe4 26.Qxf6 Bxf6 27.Rxf6 Nd7 28.Rg6+ 
Kh7 29.Re6 exd3 30.Rd1 Nf8 31.Re7+ Kg8 32.Rxd3 Be6 33.Rd2 b6 34.a4 Bxc4 
35.Nf5 Bb3 36.Rd6 Be6 37.Rexe6 Nxe6 38.Rxe6 h5 39.Kg2 Kf7 40.Rd6 Re8 41.
Rxb6 1-0

[Event "1994/95 Cepacol Australian Open"]
[Site "Kings Perth Hotel"]
[Date "1995.01.05"]
[Round "7"]
[White "Koshnitsky, Ngan"]
[Black "Wohl, Aleksandar H"]
[Result "0-1"]
[WhiteElo "1948"]
[BlackElo "2305"]
[EventDate "1994.12.28"]
[PlyCount "102"]

1.d4 d5 2.Nf3 Nf6 3.e3 g6 4.Bd3 Bg7 5.Nbd2 O-O 6.O-O c5 7.c3 Qc7 8.Qe2 
Nbd7 9.e4 dxe4 10.Nxe4 b6 11.Re1 Bb7 12.Bg5 c4 13.Bc2 Nd5 14.Ba4 N7f6 15.
Ned2 Ba6 16.Qe5 Qb7 17.Bc2 b5 18.a3 Qc6 19.Qe2 Bb7 20.Ne4 Nd7 21.Qd2 Rfe8 
22.Bh6 Bh8 23.Neg5 e5 24.dxe5 Nxe5 25.Nd4 Qb6 26.Nh3 a6 27.Nf4 Nf6 28.Bg5 
Qc5 29.Bxf6 Bxf6 30.Be4 Bxe4 31.Rxe4 Re7 32.a4 Rae8 33.axb5 axb5 34.h3 Bg5
35.Nfe6 Bxd2 36.Nxc5 b4 37.cxb4 Bxb4 38.Na6 Bd2 39.Rd1 Ba5 40.Nc2 f5 41.
Red4 Nd3 42.Rb1 Re6 43.b4 cxb3 44.Ne3 Nxf2 45.Nc4 Bc3 46.Rd6 Ne4 47.Rxe6 
Rxe6 48.Nb8 Nc5 49.Rd1 b2 50.Na3 Rb6 51.Nb1 Bf6 0-1

[Event "1994/95 Cepacol Australian Open"]
[Site "Kings Perth Hotel"]
[Date "1995.01.05"]
[Round "7"]
[White "Byrne, Stewart"]
[Black "Wastell, Gary"]
[Result "1-0"]
[WhiteElo "2175"]
[BlackElo "1864"]

1.d4 Nf6 2.c4 c5 3.d5 e5 4.Nc3 d6 5.e4 Be7 6.Nf3 O-O 7.Bd3 Bg4 8.h3 Bxf3 
9.Qxf3 Ne8 10.Qg3 Nd7 11.O-O Kh8 12.f4 exf4 13.Bxf4 Bf6 14.Bd2 Ne5 15.Be2 
g6 16.Bh6 Bg7 17.Bxg7+ Nxg7 18.Rf2 Qe7 19.Raf1 Rae8 20.Qf4 a6 21.Qf6 Nd7 
22.Qxe7 Rxe7 23.b3 Ne5 24.Kh2 Ne8 25.Nd1 Kg7 26.Ne3 f6 27.g3 Rh8 28.Ng2 
Nf7 29.Bd3 Ng5 30.Nf4 Nc7 31.Ng2 Rf8 32.Rf4 h5 33.h4 Nh7 34.g4 hxg4 35.
Rxg4 Re5 36.Nf4 g5 37.Ng2 Rh8 38.Ne3 Ne8 39.Nf5+ Kf7 40.Rf3 gxh4 41.Rxh4 
Ng5 42.Rxh8 Nxf3+ 43.Kh1 Ng5 44.Be2 Ng7 45.Nxd6+ Ke7 46.Nc8+ Kd7 47.Bg4+ 
f5 48.exf5 Nxf5 49.Rf8 Ne4 50.Kg2 Ng3 51.d6 Kc6 52.Ne7+ 1-0

[Event "1994/95 Cepacol Australian Open"]
[Site "Kings Perth Hotel"]
[Date "1995.01.05"]
[Round "7"]
[White "Ellis, David"]
[Black "Chai, Patrick"]
[Result "1-0"]
[WhiteElo "1943"]
[BlackElo "1632"]

1.Nf3 d5 2.c4 Nf6 3.cxd5 Nxd5 4.d4 e6 5.e4 Nb6 6.Nc3 Be7 7.Bf4 c6 8.Bd3 
N8d7 9.Rc1 Nf6 10.O-O O-O 11.Qc2 h6 12.Rfd1 Nh5 13.Be3 Bg5 14.Nxg5 hxg5 
15.Qd2 Nf4 16.Bxf4 gxf4 17.Qxf4 Qe7 18.Bb1 Rd8 19.e5 Nd5 20.Nxd5 exd5 21.
Rc3 Be6 22.Rg3 1-0

[Event "1994/95 Cepacol Australian Open"]
[Site "Kings Perth Hotel"]
[Date "1995.01.05"]
[Round "7"]
[White "Teh, Eu-Jin"]
[Black "Klimenko, Veronica"]
[Result "1-0"]
[WhiteElo "1862"]
[BlackElo "1722"]

1.e4 g6 2.d4 Bg7 3.Nc3 e6 4.Be3 Ne7 5.Qd2 d5 6.e5 b6 7.g4 h6 8.Nge2 Bb7 9.
Ng3 Nd7 10.Bd3 a6 11.Nce2 c5 12.c3 c4 13.Bc2 Qc7 14.h4 O-O-O 15.O-O-O Rdg8
16.h5 g5 17.f4 gxf4 18.Nxf4 Bf8 19.Qe2 Nc6 20.Rdf1 Be7 21.Nh3 Nd8 22.Bd1 
b5 23.Qd2 Bf8 24.Rhg1 a5 25.g5 b4 26.Bc2 bxc3 27.bxc3 Ba3+ 28.Kd1 hxg5 29.
Bxg5 Rf8 30.h6 Nc6 31.h7 Nb4 32.cxb4 c3 33.Qd3 axb4 34.Bh6 Nb6 35.Bxf8 Nc4
36.Qf3 Rxf8 37.Ne2 Nb2+ 38.Ke1 1-0

[Event "1994/95 Cepacol Australian Open"]
[Site "Kings Perth Hotel"]
[Date "1995.01.05"]
[Round "7"]
[White "Hirschhorn, Jeremy"]
[Black "Shaw, Robin"]
[Result "1-0"]
[WhiteElo "1987"]
[BlackElo "1725"]

1.e4 c5 2.Nf3 e6 3.d4 cxd4 4.Nxd4 Nf6 5.Nc3 Bb4 6.e5 Ne4 7.Qg4 Nxc3 8.a3 
Qa5 9.Qxg7 Rf8 10.axb4 Qxb4 11.Bh6 Ne4+ 12.c3 Qc5 13.f3 d5 14.Qxf8+ Qxf8 
15.Bxf8 Kxf8 16.fxe4 1-0

[Event "1994/95 Cepacol Australian Open"]
[Site "Kings Perth Hotel"]
[Date "1995.01.05"]
[Round "7"]
[White "Hanks, John N"]
[Black "Dunlop, Gordon"]
[Result "1/2-1/2"]
[WhiteElo "1903"]
[BlackElo "1783"]

1.d4 d5 2.c4 e6 3.Nc3 Nf6 4.Bg5 Be7 5.Nf3 h6 6.Bh4 O-O 7.e3 b6 8.cxd5 Nxd5
9.Bxe7 Qxe7 10.Rc1 Bb7 11.a3 Rc8 12.Bc4 Nxc3 13.Rxc3 c5 14.O-O Nd7 15.d5 
exd5 16.Bxd5 Bxd5 17.Qxd5 Nf6 18.Qc4 Rd8 19.Qe2 Rd6 20.Rd1 Nd5 21.Rc2 Rad8
22.Rcd2 Nf4 23.Qf1 Rxd2 24.Rxd2 Rxd2 25.Nxd2 Qd7 26.Nf3 Nd3 27.Qd1 Qb5 28.
b3 c4 29.bxc4 Qxc4 30.Nd4 b5 31.Qc2 Qxc2 32.Nxc2 a5 33.Kf1 Kf8 34.Ke2 Ne5 
35.f4 Nc6 36.Kd3 Ke7 37.Na1 Kd6 38.e4 g5 39.g3 gxf4 40.gxf4 f6 41.h4 h5 
42.Nb3 1/2-1/2

[Event "1994/95 Cepacol Australian Open"]
[Site "Kings Perth Hotel"]
[Date "1995.01.05"]
[Round "7"]
[White "Fitzpatrick, Simon"]
[Black "Salter, Michael"]
[Result "1/2-1/2"]
[WhiteElo "2020"]
[BlackElo "1883"]

1.d4 Nf6 2.Nc3 d5 3.f3 c5 4.Bg5 e6 5.e4 cxd4 6.Qxd4 Nc6 7.Bb5 Be7 8.exd5 
O-O 9.Bxc6 bxc6 10.d6 Qxd6 11.Qxd6 1/2-1/2

[Event "1994/95 Cepacol Australian Open"]
[Site "Kings Perth Hotel"]
[Date "1995.01.05"]
[Round "7"]
[White "Dwyer, Daniel"]
[Black "Suryadinata, Henry"]
[Result "1/2-1/2"]
[WhiteElo "1718"]
[BlackElo "1833"]

1.c4 g6 2.Nc3 Bg7 3.g3 d6 4.Bg2 c6 5.d3 Nf6 6.e4 e5 7.Nge2 Be6 8.O-O Qd7 
9.f4 Bh3 10.f5 Bxg2 11.Kxg2 Qc7 12.Bg5 Nbd7 1/2-1/2

[Event "1994/95 Cepacol Australian Open"]
[Site "Kings Perth Hotel"]
[Date "1995.01.05"]
[Round "7"]
[White "Maris, Rob"]
[Black "Haasse, Adam"]
[Result "1-0"]
[WhiteElo "1821"]
[BlackElo "1659"]

1.d4 Nf6 2.c4 g6 3.Nc3 Bg7 4.e4 d6 5.f3 O-O 6.Be3 e5 7.Nge2 Nc6 8.Qd2 a6 
9.g4 h5 10.h3 b5 11.cxb5 axb5 12.Nxb5 Ba6 13.Nbc3 Qb8 14.Kf2 Na5 15.b3 Qb4
16.d5 Rfc8 17.Na4 Qb7 18.Qxa5 Bxe2 19.Qd2 Bxf1 20.Rhxf1 c5 21.Nb2 Ra6 22.
Rfb1 Rca8 23.Nc4 hxg4 24.hxg4 Qa7 25.a3 Qd7 26.Qe2 Qc7 27.b4 cxb4 28.Rxb4 
Nd7 29.Rc1 Qd8 30.Qc2 Qh4+ 31.Kg2 Rc8 32.g5 Rxa3 33.Rh1 Qxh1+ 34.Kxh1 Rxe3
35.Nxe3 Rxc2 36.Nxc2 Bf8 37.Kg2 Nc5 38.Kg3 Be7 39.Kg4 Kg7 40.Ne1 Bd8 41.
Rb8 Ba5 42.Nc2 Bd2 43.Rb6 Nd3 44.Rxd6 Bf4 45.Rd8 Nf2+ 46.Kh4 f6 47.Rd7+ 
Kf8 48.gxf6 g5+ 49.Kh5 Bd2 50.Kg6 Ba5 51.Ra7 1-0

[Event "1994/95 Cepacol Australian Open"]
[Site "Kings Perth Hotel"]
[Date "1995.01.05"]
[Round "7"]
[White "Harp, Joel"]
[Black "Teh, Sulyn"]
[Result "0-1"]
[WhiteElo "1728"]
[BlackElo "1531"]

1.d4 d5 2.c4 e6 3.Nc3 Nf6 4.cxd5 exd5 5.Bg5 c6 6.Qc2 Be7 7.e3 O-O 8.Bd3 h6
9.Bh4 Nbd7 10.Nge2 Re8 11.O-O Nf8 12.Bxf6 Bxf6 13.b4 Qd6 14.b5 Bd8 15.bxc6
bxc6 16.Na4 Bc7 17.g3 Qf6 18.Kg2 Ne6 19.Qxc6 Nf4+ 0-1

[Event "1994/95 Cepacol Australian Open"]
[Site "Kings Perth Hotel"]
[Date "1995.01.05"]
[Round "7"]
[White "Lilly, Richard"]
[Black "Van Rooy, Andrew"]
[Result "1-0"]
[WhiteElo "1830"]
[BlackElo "1676"]

1.d4 Nf6 2.c4 g6 3.Nc3 d5 4.Qb3 dxc4 5.Qxc4 Be6 6.Qd3 Nc6 7.Nf3 a6 8.e4 
Bg4 9.Be3 Nb4 10.Qd2 c5 11.dxc5 Qa5 12.a3 Rd8 13.Qc1 Nxe4 14.axb4 Qxb4 15.
Ra4 Qb3 16.Rxe4 Bxf3 17.gxf3 Bg7 18.Bc4 Bxc3+ 19.bxc3 Rd1+ 20.Qxd1 Qxc3+ 
21.Bd2 Qa3 22.O-O Qxc5 23.Bc3 O-O 24.Qd4 Qg5+ 25.Rg4 Qf6 26.Qxf6 exf6 27.
Bxf6 b5 28.Ba2 Rb8 29.Rd1 1-0

[Event "1994/95 Cepacol Australian Open"]
[Site "Kings Perth Hotel"]
[Date "1995.01.05"]
[Round "7"]
[White "Field, Jason"]
[Black "Macey, Daniel"]
[Result "1-0"]
[WhiteElo "1786"]
[BlackElo "1586"]

1.e4 c5 2.Nf3 Nc6 3.Bb5 a6 4.Bxc6 bxc6 5.O-O d5 6.e5 Bg4 7.c3 e6 8.Qa4 Qc7
9.Qxg4 Nh6 10.Qa4 Be7 11.d4 c4 12.b3 cxb3 13.axb3 Nf5 14.Ba3 h6 15.Bxe7 
Kxe7 16.g4 1-0

[Event "1994/95 Cepacol Australian Open"]
[Site "Kings Perth Hotel"]
[Date "1995.01.05"]
[Round "7"]
[White "Ninchich, Milan"]
[Black "Chambers, Matthew"]
[Result "1/2-1/2"]
[WhiteElo "1563"]
[BlackElo "1750"]

1.e4 c5 2.Nf3 d6 3.d4 cxd4 4.Nxd4 Nf6 5.Nc3 g6 6.Bd3 Bg7 7.O-O O-O 8.h3 
Nc6 9.Nf3 Bd7 10.Re1 Qc7 11.a3 a6 12.Bf4 Nh5 13.Nd5 Qd8 14.Bc1 e6 15.Ne3 
b5 16.c3 Ne5 17.Bc2 Nxf3+ 18.Qxf3 Rc8 19.g4 Nf6 20.Nf1 Bc6 21.Ng3 Qe7 22.
Bg5 h6 23.Bd2 Nd7 24.Qe2 Ne5 25.f4 Nc4 26.Bc1 Bb7 27.Rf1 d5 28.exd5 Bxd5 
29.Be4 Rfd8 30.g5 h5 31.Bxd5 Qc5+ 32.Kh2 Qxd5 33.Rf2 Qd3 34.Ne4 Rd7 35.Nd2
Nxd2 36.Bxd2 Rcd8 37.Be3 Qxe2 1/2-1/2

[Event "1994/95 Cepacol Australian Open"]
[Site "Kings Perth Hotel"]
[Date "1995.01.05"]
[Round "7"]
[White "Paxman, Jonathan"]
[Black "Elkington, Derek"]
[Result "1-0"]
[WhiteElo "1612"]
[BlackElo "1507"]

1.c4 Nf6 2.Nc3 g6 3.g3 Bg7 4.Bg2 e5 5.e4 Nc6 6.Nge2 d6 7.O-O Be6 8.d3 Qd7 
9.Nd5 Ne7 10.Nec3 Nexd5 11.Nxd5 Nxd5 12.cxd5 Bg4 13.Qc2 O-O 14.Be3 a6 15.
f3 Bh3 16.Bxh3 Qxh3 17.Qxc7 Rfd8 18.Qb6 Qd7 19.Rac1 Rac8 20.Rxc8 Rxc8 21.
Rc1 Rxc1+ 22.Bxc1 Kf8 23.Bd2 Ke7 24.Ba5 Bh6 25.Kf2 Bg7 26.Qc7 Bh6 27.Qxd7+
Kxd7 28.Bc3 f6 29.d4 Kc7 30.dxe5 fxe5 31.Ke2 Kd7 32.Bd2 Bg7 33.b3 Ke7 34.
f4 Kd7 35.Bc3 Ke7 36.fxe5 dxe5 37.Bd2 Kf6 38.Kf3 Ke7 39.Kg4 h6 40.h4 Ke8 
41.h5 g5 42.Kf5 Ke7 43.Bb4+ Kf7 44.Bd6 1-0

[Event "1994/95 Cepacol Australian Open"]
[Site "Kings Perth Hotel"]
[Date "1995.01.05"]
[Round "7"]
[White "Andrews, Charlie"]
[Black "Stannard, Vernon"]
[Result "1-0"]
[WhiteElo "1577"]
[BlackElo "1639"]

1.e4 e5 2.d4 exd4 3.c3 d3 4.Nf3 Nc6 5.Qxd3 Be7 6.Be2 d6 7.O-O Be6 8.Nd4 
Nf6 9.f4 a6 10.Nd2 Bd7 11.N2f3 d5 12.exd5 Nxd5 13.Nf5 Bxf5 14.Qxf5 g6 15.
Qc2 Qd6 16.Kh1 O-O-O 17.Ng5 Qf6 18.f5 Qg7 19.fxg6 Bxg5 20.Rxf7 Qh6 21.Qf5+
Kb8 22.Bxg5 hxg6 23.Bxh6 gxf5 24.Bg5 Rde8 25.Bf3 1-0

[Event "1994/95 Cepacol Australian Open"]
[Site "Kings Perth Hotel"]
[Date "1995.01.05"]
[Round "7"]
[White "Kueh, Michael"]
[Black "Fonteneau, Andrew"]
[Result "0-1"]
[WhiteElo "1677"]
[BlackElo "1482"]

1.g3 g6 2.Bg2 Bg7 3.f4 Nf6 4.Nf3 c5 5.O-O O-O 6.d3 d6 7.c3 Nc6 8.Nh4 Qc7 
9.f5 b6 10.fxg6 hxg6 11.Bg5 Bb7 12.Qc1 Ne5 13.Bxb7 Qxb7 14.Bh6 Qd7 15.Kg2 
Qg4 16.Bxg7 Kxg7 17.Qe3 Rh8 18.Kh1 Qh3 19.Qg1 Nfg4 20.Nd2 g5 21.Nhf3 Nxf3 
22.Nxf3 Rh5 0-1

[Event "1994/95 Cepacol Australian Open"]
[Site "Kings Perth Hotel"]
[Date "1995.01.05"]
[Round "7"]
[White "Meyer, Paul"]
[Black "Stubbs, Mike"]
[Result "0-1"]
[WhiteElo "1805"]
[BlackElo "1588"]

1.d4 Nf6 2.c4 g6 3.Nc3 Bg7 4.e4 d6 5.f4 O-O 6.Be2 e5 7.fxe5 dxe5 8.d5 Bd7 
9.Bg5 Qc8 10.Nf3 h6 11.Be3 Re8 12.a3 a5 13.O-O Ng4 14.Qd2 Nxe3 15.Qxe3 Bg4
16.Bd3 Nd7 17.Nd2 Nf6 18.h3 Bd7 19.Rf3 Rf8 20.Raf1 Nh5 21.Ne2 Qd8 22.g4 
Nf6 23.Qf2 Bxg4 24.hxg4 Nxg4 25.Qg3 h5 26.Kg2 Ra6 27.c5 Rf6 28.Rxf6 Bxf6 
29.Nc4 Bg5 30.Bb1 Bh4 31.Qf3 Qg5 32.Ng3 f6 33.Kh3 b6 34.cxb6 cxb6 35.Qd3 
b5 36.Nxa5 Ne3 37.Rg1 Qg4+ 38.Kh2 Bxg3+ 39.Rxg3 Qh4+ 0-1

[Event "1994/95 Cepacol Australian Open"]
[Site "Kings Perth Hotel"]
[Date "1995.01.05"]
[Round "7"]
[White "Cordover, David"]
[Black "Dix, Peter"]
[Result "1-0"]
[WhiteElo "1688"]
[BlackElo "1787"]

1.e4 c5 2.f4 Nc6 3.Nf3 g6 4.Bb5 Nd4 5.a4 Nxb5 6.axb5 Bg7 7.c4 e6 8.Nc3 Ne7
9.O-O O-O 10.d3 d5 11.Ne2 b6 12.Qe1 dxe4 13.dxe4 Qd3 14.Qh4 Qxe2 15.Qxe7 
Qxe4 16.Rxa7 Rxa7 17.Qxa7 Bd4+ 18.Kh1 Qe2 19.Re1 Qf2 20.Qxb6 e5 21.Rg1 e4 
22.Nxd4 Qxd4 23.b4 Qxc4 24.bxc5 Be6 25.c6 Bd5 26.Be3 Rc8 27.Rc1 Qb3 28.c7 
Be6 29.Qc5 Rxc7 30.Qxc7 Qxe3 31.b6 Bd5 32.Rd1 Qb3 33.Qd8+ 1-0

[Event "1994/95 Cepacol Australian Open"]
[Site "Kings Perth Hotel"]
[Date "1995.01.05"]
[Round "7"]
[White "Telfer, Kenneth"]
[Black "Fraser, Lee"]
[Result "0-1"]
[WhiteElo "1721"]
[BlackElo "1428"]

1.e4 d5 2.exd5 Nf6 3.Bb5+ Bd7 4.Be2 Nxd5 5.d4 c5 6.Nf3 cxd4 7.O-O Nc6 8.
Nxd4 e5 9.Nf3 Qa5 10.Re1 O-O-O 11.c3 Bf5 12.Nbd2 Nf4 13.b4 Qc7 14.Bf1 e4 
15.Nd4 Nxd4 16.cxd4 Bxb4 17.Bb2 Qe7 18.Re3 Kb8 19.Nc4 Qg5 20.Rg3 Qh6 21.
Qb3 Nd5 22.Ne5 Be6 23.Bc1 e3 24.fxe3 Bd6 25.Nc6+ Ka8 26.Nxd8 Rxd8 27.Rb1 
Nb6 28.Qd1 Bxg3 29.hxg3 Qg6 30.Ba3 Qxg3 31.Be7 Qxe3+ 32.Kh1 Rxd4 33.Qc2 
Qh6+ 34.Kg1 Qe3+ 35.Kh1 g5 36.g3 Bd5+ 37.Kh2 Rd2+ 0-1

[Event "1994/95 Cepacol Australian Open"]
[Site "Kings Perth Hotel"]
[Date "1995.01.05"]
[Round "7"]
[White "List, Ross"]
[Black "Galvin, Robert"]
[Result "1-0"]
[WhiteElo "1651"]
[BlackElo "1274"]

1.d4 d5 2.c4 c6 3.Nf3 Nf6 4.e3 g6 5.b3 Bg7 6.Bd3 O-O 7.Qc2 Nbd7 8.Bb2 Re8 
9.cxd5 cxd5 10.Nc3 b6 11.O-O Bb7 12.Qe2 Rc8 13.Rfc1 Nh5 14.Ba6 Bxa6 15.
Qxa6 Rc7 16.Nb5 Nb8 17.Qa3 Rb7 18.Rc2 a6 19.Nc3 e6 20.b4 b5 21.Qb3 Bf8 22.
Ne5 Qd6 23.Nd3 Nd7 24.Nc5 Ra7 25.a4 bxa4 26.N3xa4 Nb6 27.Nxb6 Qxb6 28.Qa4 
Rc8 29.Bc3 Rca8 30.Rca2 Bxc5 31.dxc5 Qc7 32.Qb3 Ng7 33.b5 axb5 34.Rxa7 
Rxa7 35.Rxa7 Qxa7 36.Qxb5 Qa8 37.c6 Nf5 38.Qb7 Qe8 39.Qd7 Qf8 40.c7 Ne7 
41.Bb4 1-0

[Event "1994/95 Cepacol Australian Open"]
[Site "Kings Perth Hotel"]
[Date "1995.01.06"]
[Round "8"]
[White "Dunlop, Gordon"]
[Black "Dinh Duc Trong"]
[Result "0-1"]
[WhiteElo "1783"]
[BlackElo "2200"]

1.e4 g6 2.d4 Bg7 3.c4 d6 4.Nc3 Nc6 5.Be3 e5 6.d5 Nce7 7.c5 f5 8.Bb5+ Bd7 
9.cxd6 cxd6 10.Qa4 Nf6 11.Bxd7+ Qxd7 12.Qxd7+ Kxd7 13.f3 b5 14.a3 Rhb8 15.
Nh3 b4 16.axb4 Rxb4 17.Na4 Rf8 18.Ng5 fxe4 19.Ne6 Rg8 20.Nac5+ dxc5 21.
Rxa7+ Kc8 22.Bxc5 Rb7 23.Rxb7 Kxb7 24.Bxe7 Nxd5 25.Nxg7 Rxg7 26.Ba3 Rc7 
27.Kd2 e3+ 28.Kd3 Nf4+ 29.Kxe3 Rc2 0-1

[Event "1994/95 Cepacol Australian Open"]
[Site "Kings Perth Hotel"]
[Date "1995.01.06"]
[Round "8"]
[White "Wohl, Aleksandar H"]
[Black "Byrne, Stewart"]
[Result "1-0"]
[WhiteElo "2305"]
[BlackElo "2175"]

1.e4 e5 2.Nf3 Nc6 3.Bb5 a6 4.Ba4 Nf6 5.O-O Be7 6.Bxc6 dxc6 7.Qe1 h6 8.Nc3 
Bd6 9.d4 exd4 10.e5 dxc3 11.exf6+ Be6 12.fxg7 Rg8 13.Qxc3 Be7 14.Bxh6 Bf6 
15.Qb4 Bxg7 16.Rad1 Bxh6 17.Rxd8+ Rxd8 18.Qxb7 Kd7 19.Rd1+ Bd5 20.Rxd5+ 
cxd5 21.Qxd5+ Ke7 22.Qc5+ Ke8 23.Qc6+ Ke7 24.Qxc7+ Rd7 25.Qc5+ Kd8 26.g3 
Bg7 27.b4 Rc7 28.Qd6+ Kc8 29.Qxa6+ Kb8 30.c4 Bc3 31.a3 Rg6 32.Qb5+ Ka7 33.
c5 Ra6 34.Qc4 Rxa3 35.b5 Kb7 36.Qd5+ Kb8 37.b6 Rc8 38.c6 1-0

[Event "1994/95 Cepacol Australian Open"]
[Site "Kings Perth Hotel"]
[Date "1995.01.06"]
[Round "8"]
[White "Stubbs, Mike"]
[Black "Ellis, David"]
[Result "0-1"]
[WhiteElo "1588"]
[BlackElo "1943"]

1.d4 g6 2.c4 Bg7 3.Nc3 d6 4.e4 Nd7 5.Be3 c6 6.Nf3 e5 7.d5 c5 8.Qd2 a6 9.
Bd3 Rb8 10.a3 Qc7 11.O-O Ngf6 12.h3 O-O 13.Rac1 Nh5 14.Ne2 f5 15.Bh6 f4 
16.Bxg7 Nxg7 17.b4 b6 18.Nc3 h6 19.b5 a5 20.Nh2 Nf6 21.Be2 h5 22.Nf3 Nh7 
23.Nxe5 dxe5 24.d6 Qf7 25.Nd5 Rd8 26.Rcd1 Rb7 27.a4 Ne6 0-1

[Event "1994/95 Cepacol Australian Open"]
[Site "Kings Perth Hotel"]
[Date "1995.01.06"]
[Round "8"]
[White "Teh, Eu-Jin"]
[Black "Koshnitsky, Ngan"]
[Result "1-0"]
[WhiteElo "1862"]
[BlackElo "1948"]

1.e4 e5 2.Nf3 Nc6 3.Bc4 Nf6 4.d4 exd4 5.O-O Be7 6.Nxd4 d6 7.Nc3 O-O 8.f4 
a6 9.a4 Bd7 10.Nf3 Na5 11.Bd3 c5 12.e5 Ne8 13.Nd5 f5 14.Bd2 Nc6 15.Bc4 Kh8
16.Nxe7 Qxe7 17.Re1 Rd8 18.Ng5 dxe5 19.Nxh7 Nf6 20.Nxf8 Rxf8 21.fxe5 Nh7 
22.Bf4 Be6 23.Bxe6 Qxe6 24.Qd6 Qc4 25.e6 Qd4+ 26.Qxd4 Nxd4 27.Rad1 Re8 28.
e7 Nf6 29.c3 Nc6 30.Bg5 Kg8 31.Bxf6 gxf6 32.Rd7 b5 33.Re6 Ne5 34.Rd8 Kf7 
35.Rxe8 Kxe8 36.Rxf6 Kxe7 37.Rxa6 bxa4 38.Rxa4 Kd6 39.h4 Nd3 40.b4 1-0

[Event "1994/95 Cepacol Australian Open"]
[Site "Kings Perth Hotel"]
[Date "1995.01.06"]
[Round "8"]
[White "Fitzpatrick, Simon"]
[Black "Hirschhorn, Jeremy"]
[Result "1/2-1/2"]
[WhiteElo "2020"]
[BlackElo "1987"]

1.d4 Nf6 2.g3 c5 3.c3 e6 4.Bg2 d5 5.Nf3 Nc6 6.O-O Be7 7.Nbd2 O-O 8.dxc5 
Bxc5 9.b4 Bd6 10.Bb2 Qe7 11.b5 Ne5 12.Nxe5 Bxe5 13.Qb3 Rd8 14.Nf3 Bd6 15.
c4 dxc4 16.Qxc4 e5 17.Rfd1 Bf5 18.Qa4 Rac8 19.Rac1 Bb8 20.Rxd8+ Rxd8 21.h3
h6 22.Qb3 Be6 23.Qa4 Bd5 24.Nh4 Bxg2 25.Kxg2 Qe6 26.Qc4 Qxc4 27.Rxc4 Nd5 
28.Nf5 Kh7 29.e4 g6 30.Nxh6 Nb6 31.Nxf7 Nxc4 32.Nxd8 Nxb2 33.Nxb7 Nc4 34.
a4 Kg7 35.h4 Bc7 36.Nc5 Kf7 37.g4 Bb6 38.Nd3 Ke6 39.f4 exf4 40.Nxf4+ Kf6 
41.g5+ Kf7 42.Nd3 Ke6 43.Nf4+ Kf7 44.Nd3 Ke6 1/2-1/2

[Event "1994/95 Cepacol Australian Open"]
[Site "Kings Perth Hotel"]
[Date "1995.01.06"]
[Round "8"]
[White "Hanks, John N"]
[Black "Lilly, Richard"]
[Result "1/2-1/2"]
[WhiteElo "1903"]
[BlackElo "1830"]

1.e4 e5 2.Nf3 Nc6 3.Bc4 Bc5 4.Nc3 Nf6 5.d3 d6 6.a3 Be6 7.Bg5 h6 8.Bxe6 
fxe6 9.Be3 Qe7 10.Bxc5 dxc5 11.Nd2 O-O 12.O-O Nd7 13.Ne2 Qg5 14.Ng3 Rf7 
15.Nf3 Qe7 16.c3 Rd8 17.Qb3 b6 18.Rad1 Ndb8 19.Qc2 a5 20.Qc1 Qf6 21.Ne1 g5
22.Qe3 Qf4 23.Qe2 Rfd7 24.b3 Qf6 25.Nc2 Qg6 26.Ne3 Ne7 1/2-1/2

[Event "1994/95 Cepacol Australian Open"]
[Site "Kings Perth Hotel"]
[Date "1995.01.06"]
[Round "8"]
[White "Salter, Michael"]
[Black "Maris, Rob"]
[Result "1/2-1/2"]
[WhiteElo "1883"]
[BlackElo "1821"]

1.e4 c5 2.d4 cxd4 3.c3 Nf6 4.e5 Nd5 5.Nf3 Nc6 6.cxd4 d6 7.Bd3 dxe5 8.Nxe5 
Ndb4 9.Nxc6 Nxd3+ 10.Qxd3 bxc6 11.O-O e6 12.Bf4 Bd6 13.Qg3 Bxf4 14.Qxf4 
Ba6 15.Rc1 Rc8 16.Nc3 O-O 17.Na4 Bd3 18.Rc3 Bg6 19.Rac1 Qd5 20.Rc4 Bd3 21.
R4c3 Bb5 22.Ra3 Rcd8 23.Nc3 1/2-1/2

[Event "1994/95 Cepacol Australian Open"]
[Site "Kings Perth Hotel"]
[Date "1995.01.06"]
[Round "8"]
[White "Low, Sam"]
[Black "COMP Novag Diamond"]
[Result "1-0"]
[WhiteElo "1852"]
[BlackElo "2100"]

1.c4 e5 2.Nc3 Nc6 3.g3 d6 4.Bg2 Be6 5.d3 Qd7 6.a3 O-O-O 7.b4 Bg4 8.Qa4 Kb8
9.Nb5 a6 10.Nc3 Nd4 11.b5 Ne7 12.Rb1 axb5 13.Nxb5 Ndc6 14.Be3 e4 15.Bxe4 
Re8 16.Ba7+ Kc8 17.Bb6 cxb6 18.Qa8+ Nb8 19.Na7+ Kd8 20.Qxb8+ Nc8 21.Rxb6 
d5 22.Bxd5 Bc5 23.Rxb7 Bxa7 24.Rxd7+ Bxd7 25.Qf4 f6 26.Nf3 Rhf8 27.Qd2 g5 
28.O-O g4 29.Nh4 f5 30.Rb1 Re7 31.e3 f4 32.gxf4 Rf6 33.d4 Ra6 34.Qd3 Rf6 
35.c5 h6 36.Be4 h5 37.Ng6 Re8 38.Ne5 Re7 39.Nxd7 Rxd7 40.Rb7 Rxb7 41.Bxb7 
Ne7 42.Qh7 Rf8 43.Qxh5 Nf5 44.Qxg4 Ne7 45.Kf1 1-0

[Event "1994/95 Cepacol Australian Open"]
[Site "Kings Perth Hotel"]
[Date "1995.01.06"]
[Round "8"]
[White "Suryadinata, Henry"]
[Black "Cordover, David"]
[Result "1-0"]
[WhiteElo "1833"]
[BlackElo "1688"]

1.c4 e5 2.g3 f5 3.Bg2 Nf6 4.Nc3 Nc6 5.e3 Bb4 6.Nd5 a5 7.Ne2 e4 8.a3 Bc5 9.
Ndf4 Ne5 10.d4 exd3 11.Nxd3 Nxd3+ 12.Qxd3 d6 13.Bd2 O-O 14.Bc3 Nd7 15.b4 
axb4 16.axb4 Rxa1+ 17.Bxa1 Ba7 18.Qc3 Rf7 19.O-O c6 20.Nf4 Nf6 21.Rd1 Ne4 
22.Bxe4 fxe4 23.Qe5 Re7 24.Qxd6 Qxd6 25.Rxd6 Rd7 26.Rxd7 Bxd7 27.Nh5 c5 
28.Nxg7 cxb4 29.Nh5 Be6 30.Nf6+ Kf8 31.Nxh7+ Ke7 32.Nf6 Bxc4 33.Nxe4 Ke6 
34.h4 b3 35.h5 Bd3 36.Nd2 Bc2 37.e4 Kf7 38.Kg2 Bc5 39.f3 b5 40.Bb2 Bb4 41.
Nf1 Be1 42.Ne3 b4 43.Nd5 Bd3 44.g4 Bc4 45.Ne3 Bd3 46.g5 Be2 47.Nd5 Bc4 48.
g6+ Kg8 49.h6 1-0